[Event "International Tournament "]
[Site "Paracin, Pool "]
[Date "2019.07.06"]
[Round "2.78"]
[White "Bojicic, Andjela"]
[Black "Janjic, Stefan"]
[Result "1/2-1/2"]
[WhiteElo "1948"]
[BlackElo "2164"]
[PlyCount "40"]
[EventDate "2019.07.05"]

1. d4 d5 2. c4 e6 3. Nc3 Nf6 4. cxd5 exd5 5. Bg5 c6 6. e3 Qb6 7. Qb3 Qxb3 8.
axb3 Bf5 9. Bxf6 gxf6 10. Kd2 Bd6 11. Nge2 Bg6 12. h4 h5 13. g3 Nd7 14. Nf4 a6
15. Be2 O-O-O 16. Nd3 f5 17. Nf4 Nf6 18. Rae1 Ng8 19. Nd3 Re8 20. Rhf1 Nf6
1/2-1/2

[Event "International Tournament "]
[Site "Paracin, Pool "]
[Date "2019.07.06"]
[Round "2.79"]
[White "Savic, Robert"]
[Black "Sapale, Saloni"]
[Result "0-1"]
[WhiteElo "1929"]
[BlackElo "2151"]
[PlyCount "58"]
[EventDate "2019.07.05"]

1. d4 Nf6 2. c4 g6 3. g3 c6 4. Bg2 d5 5. Nf3 Bg7 6. O-O O-O 7. cxd5 cxd5 8. Ne5
Ng4 9. Nxg4 Bxg4 10. h3 Be6 11. Nc3 Qd7 12. Kh2 Nc6 13. e3 Rac8 14. Bd2 f6 15.
Na4 b6 16. Rc1 Bf7 17. b3 e5 18. dxe5 fxe5 19. Qe2 Be6 20. Rfd1 Qf7 21. Be1 e4
22. Rc2 Ne5 23. Rdc1 Rxc2 24. Rxc2 Qf5 25. Nb2 Nf3+ 26. Kh1 Qh5 27. h4 Bg4 28.
Qf1 Be5 29. Bb4 Nxh4 0-1

[Event "International Tournament "]
[Site "Paracin, Pool "]
[Date "2019.07.06"]
[Round "2.80"]
[White "Iskos, Alexandros"]
[Black "Ashutosh, Kumar"]
[Result "0-1"]
[WhiteElo "2151"]
[BlackElo "1928"]
[PlyCount "86"]
[EventDate "2019.07.05"]

1. e4 e5 2. Nf3 Nc6 3. Bb5 a6 4. Bxc6 dxc6 5. Nc3 Bd6 6. d4 exd4 7. Qxd4 f6 8.
Be3 Ne7 9. O-O-O Ng6 10. Nd2 Be6 11. Nb3 Qe7 12. Nc5 Bc8 13. f3 O-O 14. Kb1 b6
15. Nb3 Be6 16. Qd2 Ne5 17. Qf2 Nc4 18. Bc1 Bb4 19. Ne2 Bd6 20. g4 c5 21. Nf4
Bf7 22. Nd5 Qe8 23. h4 a5 24. g5 a4 25. Nd2 Bxd5 26. exd5 Nxd2+ 27. Qxd2 a3 28.
b3 fxg5 29. Qxg5 Rxf3 30. Rde1 Qf7 31. Rhg1 c4 32. bxc4 b5 33. cxb5 Rf5 34. Qg2
Ra4 35. Re4 Rxe4 36. Qxe4 Qxd5 37. Qxd5+ Rxd5 38. c4 Rd4 39. h5 Rxc4 40. h6 g6
41. Bd2 Rd4 42. Bc3 Rd5 43. Bg7 Rxb5+ 0-1

[Event "International Tournament "]
[Site "Paracin, Pool "]
[Date "2019.07.06"]
[Round "2.81"]
[White "Dimitrijevic, Nenad"]
[Black "Srimathi, R."]
[Result "1-0"]
[WhiteElo "2150"]
[BlackElo "1832"]
[PlyCount "83"]
[EventDate "2019.07.05"]

1. d4 Nf6 2. Nf3 e6 3. Bg5 d5 4. e3 Be7 5. Nbd2 O-O 6. Bd3 Nbd7 7. O-O b6 8. c3
Bb7 9. Qb1 h6 10. Bh4 Ng4 11. Bxe7 Qxe7 12. h3 Ngf6 13. Re1 e5 14. e4 dxe4 15.
Nxe4 Nxe4 16. Bxe4 Bxe4 17. Qxe4 f6 18. dxe5 fxe5 19. Nxe5 Nxe5 20. Qxe5 Qf7
21. Qe6 Rad8 22. Qxf7+ Kxf7 23. Rad1 Rfe8 24. Kf1 Rxe1+ 25. Kxe1 Re8+ 26. Kd2
Re7 27. Re1 Rd7+ 28. Kc2 c6 29. Re4 g6 30. Rd4 Re7 31. Kd2 Kg7 32. b4 Rc7 33.
Rd6 Rf7 34. Ke3 Re7+ 35. Kd3 Rc7 36. Kd4 h5 37. h4 Kh6 38. f4 c5+ 39. Kc4 cxb4+
40. Kxb4 Rc5 41. a4 Ra5 42. Rd7 1-0

[Event "International Tournament "]
[Site "Paracin, Pool "]
[Date "2019.07.06"]
[Round "2.82"]
[White "Risteski, Emil"]
[Black "Ilic, Ilija"]
[Result "1-0"]
[WhiteElo "2150"]
[BlackElo "1829"]
[PlyCount "63"]
[EventDate "2019.07.05"]

1. e4 d6 2. d4 Nf6 3. Nc3 g6 4. Be3 Bg7 5. f3 Nc6 6. Qd2 h6 7. Nge2 e5 8. d5
Ne7 9. O-O-O Bd7 10. g4 b5 11. Ng3 b4 12. Nce2 a5 13. Kb1 Qb8 14. h4 Nc8 15. g5
hxg5 16. Bxg5 Nb6 17. h5 Nc4 18. Qc1 a4 19. h6 Bf8 20. Bxf6 Rh7 21. Bg7 Be7 22.
Ng1 Na5 23. Nh3 Bxh3 24. Rxh3 b3 25. cxb3 axb3 26. a3 Qb6 27. Rd3 Kd8 28. Qe3
Qb7 29. Rc3 Rb8 30. f4 exf4 31. Qxf4 c5 32. Qxf7 1-0

[Event "International Tournament "]
[Site "Paracin, Pool "]
[Date "2019.07.06"]
[Round "2.83"]
[White "Anand, Batsukh"]
[Black "Parnali, S Dharia"]
[Result "0-1"]
[WhiteElo "1899"]
[BlackElo "2145"]
[PlyCount "122"]
[EventDate "2019.07.05"]

1. Nf3 g6 2. d4 Nf6 3. b3 Bg7 4. Bb2 d5 5. c4 c6 6. g3 O-O 7. Bg2 a5 8. Nc3 Bf5
9. Nh4 Be6 10. c5 b6 11. cxb6 Qxb6 12. Na4 Qb4+ 13. Bc3 Qd6 14. Nc5 Nbd7 15.
Nxe6 Qxe6 16. Qc2 c5 17. dxc5 Nxc5 18. Rd1 Nce4 19. Bd4 Rfc8 20. Qb2 Ne8 21.
O-O Bxd4 22. Rxd4 N8d6 23. e3 Qf6 24. f3 Nc5 25. Bh3 e6 26. Ng2 Nb5 27. Rd2
Qxb2 28. Rxb2 Nd3 29. Rd2 Rc3 30. Rfd1 Nb4 31. Kf2 Rac8 32. Ne1 Rc1 33. a4 Rxd1
34. Rxd1 Nc3 35. Rd2 Nb1 36. Rd1 Nc3 37. Rd2 Rb8 38. Bf1 Nba2 39. Bb5 Nxb5 40.
Rxa2 Nc3 41. Ra3 Nb1 42. Ra1 Rxb3 43. Ke2 Rb2+ 44. Kf1 Nc3 45. Nd3 Rd2 46. Nf2
d4 47. exd4 Rxd4 48. Ra3 Nxa4 49. Ne4 Kf8 50. Ke2 Ke7 51. Ke3 Rb4 52. Nd2 h5
53. Nb3 Nb6 54. Nxa5 Rb2 55. h4 Nd5+ 56. Kd4 Rd2+ 57. Rd3 Rg2 58. f4 Kf6 59.
Nc4 Ne7 60. Nd2 Nf5+ 61. Ke4 Rxg3 0-1